| 000 | 01008nam a22002173i 4500 | ||
|---|---|---|---|
| 001 | 162946 | ||
| 003 | ES-MaACL | ||
| 005 | 20250715063127.0 | ||
| 008 | 000406s1876 sp |||| | spa d | ||
| 040 |
_aCAM _bspa _cCAM |
||
| 100 | 1 |
_aRamos Carrión, Miguel, _d1848-1915 _995293 |
|
| 245 | 1 | 3 |
_aEl siglo que viene _b: zarzuela cómico-fantástica en 3 actos y en prosa / _cletra de Ramos Carrión y Coello ; música del maestro Caballero. |
| 260 |
_aMadrid : _b[s.n.], _c1876 ( _fImp. de José Rodríguez) |
||
| 300 |
_a69 p. ; _c19 cm. |
||
| 500 | 1 | _aEn port.: Representada por primera vez en el Teatro del Principe Alfonso el lunes 3 de julio de 1876. | |
| 500 | _aSolo la letra. | ||
| 700 | 1 | 1 |
_aCoello, Carlos. _939456 |
| 700 | 0 |
_aFernández Caballero, Manuel. _949531 |
|
| 852 |
_aES-MaACL _jF-8562(7) _z-- Enc. pasta española _q-- Falto de la cub. original _z-- Enc. en un vol. facticio formando parte de la col. facticia "Teatro español moderno", vol. 14 |
||
| 999 |
_c162946 _d162946 |
||